A Pénzvilág. - 27.évf. (1937) 37-38. sz.
Elmentve itt :
| Dokumentumtípus: | Folyóirat |
|---|---|
| Megjelent: |
1937
|
| Sorozat: | A Pénzvilág
27 No. 37-38 |
| Online Access: | http://misc.bibl.u-szeged.hu/69477 |
| LEADER | 00456nas a2200133 i 4500 | ||
|---|---|---|---|
| 001 | misc69477 | ||
| 005 | 20211013131901.0 | ||
| 008 | 211013s1937 hu o 0|| zxx d | ||
| 040 | |a SZTE Miscellanea Repozitórium |b hun | ||
| 041 | |a zxx | ||
| 245 | 0 | 2 | |a A Pénzvilág. - 27.évf. (1937) 37-38. sz. |h [elektronikus dokumentum] |
| 260 | |c 1937 | ||
| 490 | 0 | |a A Pénzvilág |v 27 No. 37-38 | |
| 856 | 4 | 0 | |u http://misc.bibl.u-szeged.hu/69477/1/penzvilag_1937_037_038.pdf |z Dokumentum-elérés |